|
|
|
|
| LEADER |
00000cam a22000004a 4500 |
| 001 |
musev2_21073 |
| 003 |
MdBmJHUP |
| 005 |
20230905042241.0 |
| 006 |
m o d |
| 007 |
cr||||||||nn|n |
| 008 |
130114r20091999wau o 00 0 eng d |
| 020 |
|
|
|a 9780295803722
|
| 020 |
|
|
|z 9780295988863
|
| 035 |
|
|
|a (OCoLC)824353592
|
| 040 |
|
|
|a MdBmJHUP
|c MdBmJHUP
|
| 100 |
1 |
|
|a Mitman, Gregg.
|
| 245 |
1 |
0 |
|a Reel Nature :
|b America's Romance with Wildlife on Film /
|c Gregg Mitman.
|
| 250 |
|
|
|a Weyerhaeuser environmental classic ed.
|
| 264 |
|
1 |
|a Seattle :
|b University of Washington Press,
|c 2009.
|
| 264 |
|
3 |
|a Baltimore, Md. :
|b Project MUSE,
|c 2013
|
| 264 |
|
4 |
|c ©2009.
|
| 300 |
|
|
|a 1 online resource (320 pages):
|b illustrations
|
| 336 |
|
|
|a text
|b txt
|2 rdacontent
|
| 337 |
|
|
|a computer
|b c
|2 rdamedia
|
| 338 |
|
|
|a online resource
|b cr
|2 rdacarrier
|
| 490 |
0 |
|
|a Weyerhaeuser environmental classics
|
| 500 |
|
|
|a Originally published: Cambridge, Mass. : Harvard University Press, 1999.
|
| 505 |
0 |
|
|a Hunting with the camera -- Science versus showmanship on the silent screen -- Zooming in on animals' private lives -- Wildlife conservation through a wide-angle lens -- Disney's true-life adventures -- Domesticating nature on the television set -- A ringside seat in the making of a pet star -- Global visions, tourist dreams.
|
| 546 |
|
|
|a English.
|
| 588 |
|
|
|a Description based on print version record.
|
| 650 |
|
7 |
|a Nature films.
|2 fast
|0 (OCoLC)fst01034676
|
| 650 |
|
7 |
|a HISTORY
|z United States
|x General.
|2 bisacsh
|
| 650 |
|
7 |
|a PERFORMING ARTS
|x Film & Video
|x Reference.
|2 bisacsh
|
| 650 |
|
7 |
|a ART
|x Film & Video.
|2 bisacsh
|
| 650 |
|
0 |
|a Nature films
|x History and criticism.
|
| 655 |
|
7 |
|a Criticism, interpretation, etc.
|2 fast
|0 (OCoLC)fst01411635
|
| 655 |
|
7 |
|a Electronic books.
|2 local
|
| 710 |
2 |
|
|a Project Muse.
|e distributor
|
| 830 |
|
0 |
|a Book collections on Project MUSE.
|
| 856 |
4 |
0 |
|z Texto completo
|u https://projectmuse.uam.elogim.com/book/21073/
|
| 945 |
|
|
|a Project MUSE - Custom Collection
|
| 945 |
|
|
|a Project MUSE - Archive Film, Theater and Performing Arts Supplement
|
| 945 |
|
|
|a Project MUSE - Archive Complete Supplement
|